000 00693nam a2200229 i 4500
001 128951
003 ES-MaACL
005 20250812230558.0
007 t|
008 070531s1956 sp ||||1| spa d
080 _a799.26(6)
100 1 _aTaylor, John.
_9109454
245 1 0 _aPondoro, el último cazador de marfil /
_cJohn Taylor ; [traducción de Julio F. Yáñez].
260 _aBarcelona :
_bHispano-Europea,
_c[1956]
300 _a464 p. :
_bil. ;
_c20 cm.
490 1 _aHerakles
650 7 _aAnimales salvajes
_2embne
_99841
700 1 _aFernández-Yáñez, Julio.
_950195
830 0 _aHerakles
_9180867
852 _aES-MaACL
_jC-12048
_bR.40123
999 _c128951
_d128951